000 00924nam a2200265Ia 4500
003 OSt
005 20221005104642.0
006 a|||||r|||| 00| 0
007 ta
008 221004b |||||||| |||| 00| 0 hin d
020 _a9788188124916 (hbk)
_c125
024 _a121444
037 _b13336, 23/07/2012, Kitab Ghar
_cTextual
040 _aCRL
_cCRL
_bhin
041 _2hin
_ahin
082 _aO152,3N261,ZK, P7
100 _aरेड्डी, बालशौरि
245 0 _aेजिंदगी की राह
246 _aEjiandagī kī rāha
260 _aदिल्ली
_bविकास पेपर बैक्स भारत
_c2007
300 _a128पृ0
_ccm.
650 _aहिन्दी साहित्य
942 _hO152,3N261,ZK, P7
_cTEXL
_2cc
999 _c1013386
_d1013386